000 00944nas a2200301 4500
001 BR0202762
003 BR-BrBNA
005 20231205103016.0
007 ta
008 230509b bl.|||p| |||| 00| 00por d
040 _aBR-BrBNA
_bpor
_cBiblioteca Nacional de Agricultura
041 _a(Pt)
072 _aL02
100 1 _aJorge, J.R.V.
100 1 _aZeoula, L.M.
100 1 _aPrado, I.N. do
100 1 _aGeron, L.J.V.
245 1 _aSubstituição do milho pela farinha de varredura (Manihot esculenta, Crantz)na ração de bezerros Holandeses. 1. Desempenho e parâmetros sangüíneos
650 _aBEZERRO LEITEIRO
650 _aRAÇÃO
650 _aMILHO
650 _aMANDIOCA
650 _aGANHO DE PESO
650 _aPLASMA
773 0 _tRevista Brasileira de Zootecnia (Brazil)
_xISSN 1516-3598
_g(Jan-Feb 2002), v. 31(1) p. 192-204
_wBR0202762
909 _a202311
_bLúcia
_c55
_dLúcia Elande
942 _2AGRIS
_n0
_cANA
999 _c170537
_d170537